[Event "COL-ch U20"]
[Site "Cali"]
[Date "2024.03.02"]
[Round "6"]
[White "Brito Carrascal, Camilo Andres"]
[Black "Campo Jimenez, David"]
[Result "1-0"]
[WhiteElo "1985"]
[BlackElo "1429"]
[PlyCount "85"]
[EventDate "2024.02.28"]
[EventType "swiss"]
[EventRounds "9"]
[EventCountry "COL"]
[SourceTitle "CB11_2024"]
[SourceDate "2024.03.13"]
[SourceVersion "1"]
[SourceVersionDate "2024.03.13"]
[SourceQuality "1"]

1. d4 Nf6 2. c4 e6 3. Nf3 d5 4. Nc3 Bb4 5. cxd5 exd5 6. Bg5 c6 7. Qc2 Nbd7 8. e3 Qa5 9. Bd3 0-0 10. 0-0 Re8 11. Nd2 Bxc3 12. Nb3 Qc7 13. Bf4 Qd8 14. bxc3 h6 15. h3 Nh5 16. Bh2 Qh4 17. Rfe1 Ndf6 18. f3 Ng3 19. Qf2 Nf5 20. Qxh4 Nxh4 21. Kf2 Bf5 22. Bf1 Rad8 23. g4 Bc8 24. a4 h5 25. a5 hxg4 26. hxg4 Bxg4 27. Be2 Bc8 28. Nc5 Nd7 29. Bc7 Nxc5 30. Bxd8 Rxd8 31. dxc5 Ng6 32. a6 bxa6 33. Bxa6 Bxa6 34. Rxa6 Ne5 35. Rb1 Rd7 36. Rb8+ Kh7 37. Ra8 Nd3+ 38. Ke2 Nxc5 39. R6xa7 Rxa7 40. Rxa7 Ne6 41. Rxf7 Kg6 42. Rd7 Kf6 43. Rd6 1-0

[Event "COL-ch U20"]
[Site "Cali"]
[Date "2024.02.29"]
[Round "3"]
[White "Andrade Salcedo, Jorge Mario"]
[Black "Brito Carrascal, Camilo Andres"]
[Result "1/2-1/2"]
[WhiteElo "1543"]
[BlackElo "1985"]
[PlyCount "140"]
[EventDate "2024.02.28"]
[EventType "swiss"]
[EventRounds "9"]
[EventCountry "COL"]
[SourceTitle "CB11_2024"]
[SourceDate "2024.03.13"]
[SourceVersion "1"]
[SourceVersionDate "2024.03.13"]
[SourceQuality "1"]

1. d4 Nf6 2. c4 e6 3. g3 Bb4+ 4. Bd2 Bxd2+ 5. Qxd2 0-0 6. Bg2 d5 7. Nf3 c6 8. cxd5 exd5 9. 0-0 Ne4 10. Qc2 Nd7 11. Nc3 Ndf6 12. Ne5 Nd6 13. f3 Nf5 14. Qd2 Qb6 15. Rad1 Re8 16. f4 Nd6 17. Rfe1 Bf5 18. Na4 Qc7 19. Nc5 Nfe4 20. Qb4 f6 21. Bxe4 Bxe4 22. Nxe4 Nxe4 23. Nd3 Re7 24. Nc5 Rae8 25. Nxe4 Rxe4 26. Qd2 Qe7 27. Kf2 h5 28. e3 Qe6 29. h4 Kh7 30. Qe2 Kh6 31. Rd3 Re7 32. Rh1 Qd6 33. Qd2 Qe6 34. Qe2 Qf5 35. b4 Qd7 36. a4 a5 37. bxa5 c5 38. dxc5 d4 39. Rhd1 Qe6 40. Re1 Qc4 41. Qd2 dxe3+ 42. Rexe3 Qxc5 43. Kf3 Qc6 44. Rxe4 Rxe4 45. Kf2 Qxa4 46. Rd5 Rc4 47. Qd1 Rc2+ 48. Kg1 g6 49. Rd2 Rc4 50. Qxa4 Rxa4 51. Rd5 Ra2 52. Rb5 Ra1+ 53. Kf2 Ra3 54. Kg2 Ra2+ 55. Kf3 Ra3+ 56. Ke4 Rxg3 57. Rxb7 Ra3 58. Ra7 Ra4+ 59. Ke3 Ra3+ 60. Kd4 g5 61. hxg5+ fxg5 62. Ra6+ Kg7 63. fxg5 h4 64. Ra7+ Kg6 65. a6 h3 66. Ra8 Kg7 67. Ra7+ Kg6 68. Ra8 h2 69. Rh8 Rxa6 70. Rxh2 Kxg5 1/2-1/2

[Event "COL-ch U20"]
[Site "Cali"]
[Date "2024.02.29"]
[Round "2"]
[White "Brito Carrascal, Camilo Andres"]
[Black "Lopez Betancourt, Juan Pablo"]
[Result "1/2-1/2"]
[WhiteElo "1985"]
[BlackElo "1236"]
[PlyCount "105"]
[EventDate "2024.02.28"]
[EventType "swiss"]
[EventRounds "9"]
[EventCountry "COL"]
[SourceTitle "CB11_2024"]
[SourceDate "2024.03.13"]
[SourceVersion "1"]
[SourceVersionDate "2024.03.13"]
[SourceQuality "1"]

1. e4 c5 2. Nf3 Nc6 3. d4 cxd4 4. Nxd4 g6 5. c4 Nf6 6. Nc3 Nxd4 7. Qxd4 d6 8. Be3 Bg7 9. f3 0-0 10. Qd2 Be6 11. Rc1 a6 12. Be2 Qa5 13. b3 Rfc8 14. Na4 Qxd2+ 15. Kxd2 Nd7 16. f4 f5 17. Bf3 Rc7 18. Nb6 Rf8 19. exf5 gxf5 20. Ke2 Nxb6 21. Bxb6 Rd7 22. Bd5 Rf6 23. Kf3 Bxd5+ 24. cxd5 e5 25. dxe6 Rxe6 26. Rhd1 d5 27. Bd4 Bxd4 28. Rxd4 Re4 29. Rcd1 Rxd4 30. Rxd4 Kf7 31. Ke3 Ke6 32. Rb4 b5 33. a4 Kd6 34. Rd4 Kc5 35. g4 Re7+ 36. Kd3 fxg4 37. f5 h5 38. f6 Rf7 39. Rf4 bxa4 40. bxa4 Kd6 41. Rf5 Ke6 42. Rxh5 Rxf6 43. Rg5 Rf4 44. Rg6+ Ke5 45. Rxa6 Rf3+ 46. Ke2 Rh3 47. Kf2 Rxh2+ 48. Kg3 Ra2 49. Ra8 Kd4 50. a5 Kc5 51. Kxg4 Ra4+ 52. Kf3 Kb5 53. Ke3 1/2-1/2

[Event "Bucaramanga op"]
[Site "Bucaramanga"]
[Date "2023.09.07"]
[Round "3"]
[White "Carvajal Barreto, Johan Sebastian"]
[Black "Brito Carrascal, Camilo Andres"]
[Result "0-1"]
[WhiteElo "1756"]
[BlackElo "2027"]
[PlyCount "84"]
[EventDate "2023.09.06"]
[EventType "swiss"]
[EventRounds "9"]
[EventCountry "COL"]
[SourceTitle "EXT 2024"]
[Source "ChessBase"]
[SourceDate "2023.10.10"]
[SourceVersion "1"]
[SourceVersionDate "2023.10.10"]
[SourceQuality "1"]

1. e4 c5 2. Nf3 e6 3. d4 cxd4 4. Nxd4 Nc6 5. Nc3 Qc7 6. Ndb5 Qb8 7. Be3 a6 8. Nd4 Qc7 9. a3 Nf6 10. Nb3 b5 11. Bd3 d6 12. 0-0 Bb7 13. f4 Be7 14. Qe2 0-0 15. h3 Rad8 16. Qf2 Nd7 17. Rad1 Bf6 18. Rb1 Na5 19. Nxa5 Qxa5 20. Ne2 Rc8 21. b4 Qc7 22. Rfc1 Qb8 23. Rb3 e5 24. Rbb1 d5 25. exd5 Bxd5 26. fxe5 Nxe5 27. Nf4 Nxd3 28. cxd3 Qe5 29. Bc5 Rfd8 30. Re1 Qg5 31. Nxd5 Qxd5 32. Kh1 Qxd3 33. Qa2 Qd2 34. Qxd2 Rxd2 35. Rb3 h6 36. Re4 Kh7 37. Kh2 Rcd8 38. Be7 Re8 39. Rbe3 Bb2 40. Rf3 Rd7 41. Rxf7 Bxa3 42. Rf3 Bxb4 0-1

[Event "COL-chT Rapid"]
[Site "Santa Marta"]
[Date "2022.11.03"]
[Round "2.4"]
[White "Brito Carrascal, Camilo Andres"]
[Black "Benavides, Christian Camilo"]
[Result "1/2-1/2"]
[WhiteElo "1725"]
[BlackElo "1945"]
[PlyCount "123"]
[EventDate "2022.11.02"]
[EventType "team-swiss"]
[EventRounds "7"]
[EventCountry "COL"]
[SourceTitle "CBM 211 Extra"]
[Source "ChessBase"]
[SourceDate "2023.01.31"]
[SourceVersion "1"]
[SourceVersionDate "2023.01.31"]
[SourceQuality "1"]
[WhiteTeam "Bolivar"]
[BlackTeam "Narino"]
[WhiteTeamCountry "COL"]
[BlackTeamCountry "COL"]

1. e4 e5 2. Nf3 Nc6 3. Bb5 a6 4. Bxc6 dxc6 5. h3 f6 6. d4 exd4 7. Nxd4 Bd6 8. Be3 Qe7 9. Nc3 Bd7 10. Qf3 0-0-0 11. 0-0-0 Be5 12. Nf5 Qf7 13. Bd4 Bxd4 14. Nxd4 Ne7 15. Rhe1 Rhf8 16. Qe3 Kb8 17. Nb3 Nc8 18. Nc5 Nb6 19. b3 Bc8 20. f4 Qe7 21. Qf2 h5 22. Kb2 g5 23. Nd3 Qg7 24. f5 Rfe8 25. e5 fxe5 26. f6 Qf8 27. f7 Re7 28. Nxe5 Rxd1 29. Rxd1 Nd7 30. Nxd7+ Bxd7 31. Qf6 Qxf7 32. Qxg5 b6 33. Qh4 Kb7 34. Re1 Rxe1 35. Qxe1 Qg7 36. Qd2 b5 37. Kc1 b4 38. Nb1 a5 39. c3 c5 40. a3 Bc6 41. axb4 cxb4 42. cxb4 Qa1 43. bxa5 Be4 44. Qb2 Qxa5 45. Nc3 Qg5+ 46. Qd2 Qxg2 47. Qxg2 Bxg2 48. h4 Kc6 49. Kd2 Kc5 50. Na2 c6 51. Kc3 Kd5 52. Kd3 Ke5 53. Ke3 Kf5 54. Kf2 Bd5 55. Nb4 Ke4 56. Nxd5 Kxd5 57. Ke3 Kc5 58. Kd3 Kb4 59. Kc2 c5 60. Kb2 c4 61. bxc4 Kxc4 62. Kc2 1/2-1/2

[Event "COL-chT"]
[Site "Santa Marta"]
[Date "2022.11.03"]
[Round "2.4"]
[White "Cordoba Roa, Angel Gabriel"]
[Black "Brito Carrascal, Camilo Andres"]
[Result "1-0"]
[WhiteElo "2126"]
[BlackElo "1825"]
[PlyCount "101"]
[EventDate "2022.11.02"]
[EventType "team-swiss"]
[EventRounds "7"]
[EventCountry "COL"]
[SourceTitle "CBM 211 Extra"]
[Source "ChessBase"]
[SourceDate "2023.01.31"]
[SourceVersion "1"]
[SourceVersionDate "2023.01.31"]
[SourceQuality "1"]
[WhiteTeam "Antioquia"]
[BlackTeam "Bolivar"]
[WhiteTeamCountry "COL"]
[BlackTeamCountry "COL"]

1. e4 c5 2. Nf3 e6 3. d4 cxd4 4. Nxd4 a6 5. Bd3 Qc7 6. Qe2 d6 7. 0-0 Nf6 8. f4 g6 9. Nc3 Bg7 10. e5 Nfd7 11. Ndb5 axb5 12. Nxb5 Qd8 13. Nxd6+ Kf8 14. Be3 Nc6 15. Be4 Ne7 16. Rad1 Nf5 17. Bxf5 gxf5 18. Qb5 Bh6 19. Nxc8 Qxc8 20. Rxd7 Rxa2 21. Bc5+ Kg7 22. Rd3 Rd8 23. Rg3+ Kh8 24. Be7 Rg8 25. Bf6+ Bg7 26. Rxg7 Rxg7 27. Rd1 Ra8 28. Qb6 Qe8 29. Qxb7 Kg8 30. Bxg7 Kxg7 31. Qf3 h6 32. h3 Rc8 33. c3 Qe7 34. b4 Qa7+ 35. Kh2 Qc7 36. Rd3 Qc4 37. Qg3+ Kf8 38. Rd4 Qc6 39. c4 Qc7 40. c5 Qe7 41. Qd3 Kg7 42. Rd7 Qe8 43. c6 Rxc6 44. Rd8 Rc3 45. Qd6 Qc6 46. Qf8+ Kg6 47. Qg8+ Kh5 48. Qxf7+ Kh4 49. Rg8 Qxg2+ 50. Rxg2 Rxh3+ 51. Kg1 1-0

[Event "COL-chT"]
[Site "Santa Marta"]
[Date "2022.11.02"]
[Round "1.4"]
[White "Brito Carrascal, Camilo Andres"]
[Black "Zawady, Julio Nadin"]
[Result "1-0"]
[WhiteElo "1825"]
[BlackElo "1569"]
[PlyCount "65"]
[EventDate "2022.11.02"]
[EventType "team-swiss"]
[EventRounds "7"]
[EventCountry "COL"]
[SourceTitle "CBM 211 Extra"]
[Source "ChessBase"]
[SourceDate "2023.01.31"]
[SourceVersion "1"]
[SourceVersionDate "2023.01.31"]
[SourceQuality "1"]
[WhiteTeam "Bolivar"]
[BlackTeam "Magdalena VII"]
[WhiteTeamCountry "COL"]
[BlackTeamCountry "COL"]

1. e4 d5 2. exd5 Nf6 3. Bb5+ Bd7 4. Be2 Nxd5 5. d4 e6 6. Nf3 Bd6 7. c4 Bb4+ 8. Bd2 Bxd2+ 9. Qxd2 Nf6 10. Nc3 Nc6 11. 0-0 0-0 12. Ne5 Be8 13. Rad1 a6 14. Bf3 Qd6 15. Qe3 Qb4 16. a3 Qb3 17. Rd2 Nxe5 18. dxe5 Nd7 19. Qd4 c5 20. Qe4 Rb8 21. Bd1 Qb6 22. Bc2 g6 23. Rfd1 Qc7 24. Rd6 Nb6 25. Qh4 Bc6 26. b3 Nc8 27. Rxc6 bxc6 28. Ne4 Qxe5 29. Nf6+ Kg7 30. Nd7 Qc3 31. Qe4 Rb7 32. Nxf8 Kxf8 33. g3 1-0

[Event "COL-chT"]
[Site "Bucaramanga"]
[Date "2022.09.09"]
[Round "7.4"]
[White "Galvis Gomez, Jaime"]
[Black "Brito Carrascal, Camilo Andres"]
[Result "0-1"]
[WhiteElo "1596"]
[BlackElo "1773"]
[PlyCount "46"]
[EventDate "2022.09.06"]
[EventType "team-swiss"]
[EventRounds "7"]
[EventCountry "COL"]
[SourceTitle "CBM 210 Extra"]
[Source "ChessBase"]
[SourceDate "2022.11.30"]
[SourceVersion "1"]
[SourceVersionDate "2022.11.30"]
[SourceQuality "1"]
[WhiteTeam "Santander Almo"]
[BlackTeam "Bolivar"]
[WhiteTeamCountry "COL"]
[BlackTeamCountry "COL"]

1. d4 Nf6 2. Bf4 e6 3. Nf3 d5 4. e3 Bd6 5. Ne5 0-0 6. Bd3 c5 7. c3 Nc6 8. Nd2 Qc7 9. h3 Nxe5 10. dxe5 Bxe5 11. Bg5 Nd7 12. f4 Bf6 13. Qe2 Bxg5 14. Qh5 Bh6 15. g4 f6 16. 0-0-0 d4 17. g5 dxe3 18. gxh6 exd2+ 19. Kc2 f5 20. hxg7 Rf7 21. Rhg1 Nf6 22. Qg5 Bd7 23. Rxd2 c4 0-1

[Event "COL-ch"]
[Site "Boyaca"]
[Date "2022.08.21"]
[Round "9"]
[White "Loaiza Cuervo, Santiago"]
[Black "Brito Carrascal, Camilo Andres"]
[Result "1-0"]
[WhiteElo "2082"]
[BlackElo "1697"]
[PlyCount "63"]
[EventDate "2022.08.17"]
[EventType "swiss"]
[EventRounds "9"]
[EventCountry "COL"]
[SourceTitle "CBM 210 Extra"]
[Source "ChessBase"]
[SourceDate "2022.11.30"]
[SourceVersion "1"]
[SourceVersionDate "2022.11.30"]
[SourceQuality "1"]

1. e4 c5 2. Nf3 e6 3. d4 cxd4 4. Nxd4 a6 5. Bd3 Nf6 6. 0-0 Qc7 7. Qe2 d6 8. f4 Nbd7 9. c4 Be7 10. Nc3 0-0 11. Kh1 b6 12. Bd2 Bb7 13. Rae1 Nc5 14. Bc2 e5 15. Nf5 Ne6 16. Nd5 Bxd5 17. exd5 Nc5 18. fxe5 dxe5 19. Bc3 Bd8 20. Bxe5 Qd7 21. Nxg7 Qg4 22. Rxf6 Qxe2 23. Rxe2 Nd7 24. Rh6 Nxe5 25. Rxe5 Kxg7 26. Rxh7+ Kg8 27. Re3 Bc7 28. Rh4 f5 29. Re6 Rad8 30. Rhh6 Bf4 31. Rhg6+ Kh7 32. Rxb6 1-0

[Event "COL-ch"]
[Site "Boyaca"]
[Date "2022.08.18"]
[Round "3"]
[White "Brito Carrascal, Camilo Andres"]
[Black "Aguilar, Jordy Steeven"]
[Result "1-0"]
[WhiteElo "1697"]
[BlackElo "1600"]
[PlyCount "55"]
[EventDate "2022.08.17"]
[EventType "swiss"]
[EventRounds "9"]
[EventCountry "COL"]
[SourceTitle "CBM 210 Extra"]
[Source "ChessBase"]
[SourceDate "2022.11.30"]
[SourceVersion "1"]
[SourceVersionDate "2022.11.30"]
[SourceQuality "1"]

1. e4 c5 2. Nf3 d6 3. d4 cxd4 4. Nxd4 e5 5. Bb5+ Nd7 6. Nf5 a6 7. Bxd7+ Qxd7 8. 0-0 d5 9. Ne3 Nf6 10. Nxd5 Nxe4 11. Re1 f5 12. Rxe4 fxe4 13. Qh5+ g6 14. Qxe5+ Kf7 15. Qxh8 Qxd5 16. Qxh7+ Bg7 17. Nc3 Qd4 18. Be3 Qe5 19. Rd1 Qh5 20. Qxh5 gxh5 21. Nxe4 Bxb2 22. Rd8 Ba3 23. c4 Be7 24. Rh8 Kg6 25. c5 Kf5 26. Nd6+ Bxd6 27. cxd6 Ke6 28. Rd8 1-0

[Event "COL-chT rapid Online"]
[Site "Chess.com INT"]
[Date "2020.09.19"]
[Round "3.7"]
[White "Giraldo, Emanuel"]
[Black "Brito Carrascal, Camilo Andres"]
[Result "0-1"]
[WhiteElo "1598"]
[BlackElo "1691"]
[PlyCount "112"]
[EventDate "2020.09.19"]
[EventType "team-tourn (rapid)"]
[EventRounds "5"]
[EventCountry "COL"]
[SourceTitle "CBM 198 Extra"]
[Source "ChessBase"]
[SourceDate "2020.11.30"]
[SourceVersion "1"]
[SourceVersionDate "2020.11.30"]
[SourceQuality "1"]
[WhiteTeam "Antioquia II"]
[BlackTeam "Bolivar"]
[WhiteTeamCountry "COL"]
[BlackTeamCountry "COL"]

1. e4 c5 2. Nf3 e6 3. d4 cxd4 4. Nxd4 a6 5. Nc3 Qc7 6. Bd3 Nf6 7. 0-0 b5 8. Qe2 d6 9. Bg5 Be7 10. Kh1 Bb7 11. f4 Nbd7 12. a3 h6 13. Bh4 0-0 14. Rae1 Nc5 15. e5 Nd5 16. Nxd5 Bxd5 17. Bxe7 Qxe7 18. f5 Nxd3 19. f6 Qb7 20. cxd3 dxe5 21. Qg4 Bxg2+ 22. Kg1 g6 23. Nxe6 Bxf1 24. Nxf8 Qb6+ 25. Kxf1 Qxf6+ 26. Kg1 Rxf8 27. Qe4 Rd8 28. Rf1 Qb6+ 29. Kh1 Qd4 30. Qb7 Qd5+ 31. Qxd5 Rxd5 32. Rf3 f5 33. Kg1 Kf7 34. Kf1 Ke6 35. Ke2 Rd4 36. Rh3 h5 37. Rg3 Rg4 38. Rh3 Kd5 39. Ke3 Rg2 40. b4 f4+ 41. Kf3 Rd2 42. Rh4 Rxd3+ 43. Ke2 Rxa3 44. h3 Rg3 45. Kf2 Kc4 46. Ke2 Kxb4 47. Kf2 Ra3 48. Ke2 Kc5 49. Kd2 a5 50. Kc2 Rg3 51. Kb2 a4 52. Kc2 b4 53. Kd1 a3 54. Kc1 b3 55. Kd2 a2 56. Ke2 a1Q 0-1

[Event "Cartagena Region-ch"]
[Site "Cartagena"]
[Date "2020.02.23"]
[Round "3"]
[White "Nunez Correcha, Daniela"]
[Black "Brito Carrascal, Camilo Andres"]
[Result "0-1"]
[WhiteElo "1296"]
[BlackElo "1691"]
[PlyCount "98"]
[EventDate "2020.02.22"]
[EventType "swiss"]
[EventRounds "5"]
[EventCountry "COL"]
[SourceTitle "CBM 195 Extra"]
[Source "ChessBase"]
[SourceDate "2020.05.31"]
[SourceVersion "1"]
[SourceVersionDate "2020.05.31"]
[SourceQuality "1"]

1. e4 c5 2. Nf3 e6 3. d4 cxd4 4. Nxd4 a6 5. f3 Qc7 6. c4 Nf6 7. Be3 Be7 8. Nc3 0-0 9. Be2 d6 10. 0-0 Nbd7 11. Kh1 b6 12. Rc1 Bb7 13. Qd2 Ne5 14. b3 Rac8 15. Rfd1 Rfe8 16. Qe1 Ng6 17. Qf2 Nd7 18. Na4 Bf6 19. Nc3 Bh4 20. g3 Bf6 21. f4 Nc5 22. Bf3 Bxd4 23. Bxd4 e5 24. Bxc5 dxc5 25. Bg4 Rcd8 26. f5 Nf8 27. f6 Ne6 28. Rxd8 Qxd8 29. Nd5 Ng5 30. fxg7 Nxe4 31. Qf5 Bxd5 32. cxd5 Qxd5 33. Bf3 Nf2+ 34. Kg2 Qd3 35. Qxd3 Nxd3 36. Rd1 e4 37. Be2 Kxg7 38. Kf1 Rd8 39. Bxd3 exd3 40. Kf2 Kf6 41. Ke3 Ke5 42. Rxd3 Rxd3+ 43. Kxd3 Kf5 44. a4 Kg4 45. Ke4 Kh3 46. Ke5 Kxh2 47. g4 Kg3 48. g5 Kg4 49. Kf6 Kh5 0-1